MARC

LEADER 00000nam0a2200000 4500
001 337954
005 20231102005013.0
035 |a (RuTPU)RU\TPU\book\364442 
090 |a 337954 
100 |a 20171115d1967 km y0rusy50 ca 
101 0 |a rus 
102 |a RU 
105 |a a z 001zy 
200 1 |a Тиристорные судовые усилительно-преобразовательные устройства  |f Б. А. Марков, Н. И. Чичерин 
210 |a Ленинград  |c Судостроение  |d 1967 
215 |a 260 с.  |c ил. 
320 |a Библиогр.: с. 255-260 
606 1 |a Судовая электротехника  |2 stltpush  |3 (RuTPU)RU\TPU\subj\58091  |9 75920 
610 1 |a типы 
610 1 |a структурные схемы 
610 1 |a полупроводниковые приборы 
610 1 |a классификация 
610 1 |a устройство 
610 1 |a характеристики 
610 1 |a усилительные каскады 
610 1 |a управление 
610 1 |a расчет 
610 1 |a системы автоматического регулирования 
610 1 |a тиристоры 
675 |a 629.12.06  |v 4 
700 1 |a Марков  |b Б. А.  |g Борис Алексеевич 
701 1 |a Чичерин  |b Н. И.  |g Николай Иванович 
801 1 |a RU  |b 63413507  |c 20171115 
801 2 |a RU  |b 63413507  |c 20180830  |g RCR 
942 |c BK